00561nam a2200193 a 450008200170000010000200001724500350003726000360007230000090010850000350011750500180015265000130017065000250018365000190020870000200022794200070024795200980025499900150035200a230.042bTAY aTaylor, Vincent aForgiveness and Reconciliation aLondonbMacmillan and Co.c1948 a242p aincludes index and biblioraphy2 abiblio, index aTheology aTheology-Forgiveness aReconciliation1 aTaylor, Vincent cBK 00104070aHMIbHMId2011-07-07g100.00l0o230.042 TAYp14880r2011-07-07w2026-01-16yARB c9389d9389